Dates de la révolution - Statistiques

Statistiques générales
  • Ce quiz a été pris 10 fois
  • Le résultat moyen est 8 sur 41
Statistiques - réponses
Hint Réponse % Correct
DDHC 26 aout 1789
100%
Chute de la Monarchie 10 aout 1792
50%
Mort Louis XVI 21 janvier 1793
50%
Marche des femmes sur Versailles 5-6 octobre 1789
50%
Fuite de Varenne 20 juin 1791
38%
Victoire de Valmy 20 septembre1792
38%
Coup d'état du 18 Brumaire 9 novembre 1799
38%
Abolition privilèges d'ordre 11 aout 1789
25%
Chute de Robespierre 27 juillet 1794
25%
Loi de la Grande Terreur 10 juin 1794
13%
Représentation monocamérale 10 septembre 1789
13%
Début procès du roi 11 décembre 1792
13%
Mise en place du véto suspensif 11 septembre 1789
13%
Naissance du Consulat 13 décembre 1799
13%
Suppression des congrégations religieuses 13 et 19 février 1791
13%
Réformes administratives (lois) 14 et 22 décembre 1789
13%
Réformes judiciaires (lois) 16 et 24 aout 1790
13%
Manif pour destitution du roi 17 juillet 1791
13%
Crise du banquet 1er octobre 1789
13%
Création Assemblée Législative 1 octobre 1791
13%
Commune insurrectionnelle à Paris 20 juin 1792
13%
1ere République 22-25 septembre 1792
13%
Constitution du 5 Fructidor an III 22 aout 1795
13%
Crise du serment (L.XVI signe CCC) 24 aout 1790
13%
Massacres de Septembre (purge des prisons) 2-5 septembre 1792
13%
Constitution civile du Clergé 2 juillet 1790
13%
Destitution Girondins AN 2 juin 1793
13%
Constitution 3 septembre 1791
13%
Abolition esclavage 4 février 1794
13%
Sections parisiennes demandent destitutions Girondins 5 avril 1793
13%
Départ en Guerre contre Autriche début 1792
13%
Constitution au referendum 24 juin 1793
13%
Tentative royaliste de reprendre le pouvoir Juillet 1795
13%
Élections Jacobins au pouvoir ( stoppée militairement) juin 1799
13%
Terreur Blanche Mai 1795
13%
Déclaration de Pillnitz octobre 1791
13%
Emeutes de la faim, Parisiens réclament Constitution de l'an I Printemps 1795
13%
"La patrie en danger" 11 juillet 1792
0%
Arrestation et exécutions des "indulgents" pour purifier le Gouv. 24 mars et 5 avril 1794
0%
Réforme de l'église 2 novembre 1789
0%
Création du Comité de salut public (protéger AN) 6 avril 1793
0%
Aucun quiz correspondant
Distribution des résultats
% des personnes avec chaque résultat
Percentile par nombre de réponses
Votre historique - résultats
Vous n’avez pas pris ce quiz